00673 2200265 4500001002100000005001700021008004100038020001800079035002400097082001100121090001800132100002000150245003100170250001000201260004100211300002300252440002200275500003100297650001700328850001500345980001100360985000600371999001500377999001500392YOGYA-0209000003879420090227025413.0 ind  a979-3654-48-1 0010-020900000038794 a346.07 a346.07bWij D aWIJAYA, Gunawan aDaluwarsacGunawan Widjaja aCet.1 aJakartabRaja Grafindo Persadac2005 aix, 217 hlmc21 cm aSeri Hukum Bisnis aBibliografi : hlm. 215-216 aHukum Dagang aYOPDYOG(B) a070506 a2 a05B0011547 a05B0011548